000 01051nam a22002177a 4500
003 CUTN
005 20250612124900.0
008 250612b |||||||| |||| 00| 0 eng d
020 _a9789355280633
041 _aEnglish
082 _a370.954
_bAUR
100 _aAurobindo Ghose
245 _aa System of national education /
_cAurobindo Ghose
260 _aIndia :
_bMaxwell Press ,
_c2022.
300 _a67p. :
_bill ;
505 _aThe Human Mind Powers of the Mind The Moral Nature The Training of the Senses The Training of the Intellect Methods of Teaching
520 _aAurobindo's "A System of National Education" is a powerful critique of the prevalent Western-influenced educational system in India and a blueprint for a new, truly "national" education. He argues that the existing system was designed to create clerks and subservient individuals, rather than fostering the holistic development of the human being and the genius of the Indian nation.
650 _aEducation
650 _aEducation in India
942 _2ddc
_cBOOKS
999 _c44719
_d44719